000
00237 a2200109 4500
001
68537
040
_c
Anchieta - Itaigara
240
1
0
_a
Os invencĂveis
_l
245
1
0
_a
Os invencĂveis
650
4
_a
Literatura infanto-juvenil
942
_c
MU
999
_c
68537
_d
68537